000 00459nam a2200181Ia 4500
001 10829
005 20260306161901.0
008 260306t1951||||xx |||||||||||||| ||spa||
041 _aESP
082 _a973.916
_bH74
100 _aHoover, Herbert
_eAUT
245 4 _aThe memoirs of Herbert Hoover:
_byears of adventure 1874-1920
260 _c1951
300 _axi, 496 páginas :
_c24 cm.
650 _aGEN
654 _aCHU
942 _cLIB
_dJUS
_fJUS
_2ddc
_n
999 _c10829
_d10829